000 00968nam a2200265 i 4500
003 DO-SdBNP
005 20240418084801.0
007 ta
008 240418s1999 dr 001 0 spa d
040 _aDO-SdBNP
_bspa
_cBNPHU
_erda
082 4 _bC183
_222
100 _aCamilo, Antonio
_eautor
_eMonseñor
_99259
_qGabriel Antonio Camilo González
245 1 0 _aAporte del Padre Fantino a la pastoral dominicana /
_cAntonio Camilo González ; edición Rafael Bello Peguero
246 1 3 _aEl Padre Francisco Fantino :
_by su aporte a la pastoral dominicana /
264 _aSanto Domingo :
_bAmigo del Hogar,
_c1999.
300 _a24 páginas ;
_b20 cm.
336 _2rdacontent
_atexto
_btxt
337 _2rdamedia
_asin mediación
_bn
338 _2rdacarrier
_avolumen
_bnc
590 _aInventariado, 2024/ YL
650 4 _aIglesia católica
_zRepública Dominicana
_92409
700 1 _aBello Peguero, Rafael
_eedición
_96960
910 _aYLockward
942 _2ddc
_cLF2
999 _c56442
_d56442